000 00986nam a2200241 a 4500
001 000023239
005 20200930022100.0
008 101130s1969 mx 000 0 spa d
040 _aDO-SdBNP
_bspa
_cBNPHU
082 _axxxx
_bxxxxx
240 1 0 _aIstoriia filosofii.
_lEspañol
245 1 0 _aHistoria de la filosofía :
_bdesde finales del siglo xix hasta la revolución socialista de octubre de 1917 /
_cRedacción general M. A. Dynnik... [et.al]; traducción José Laín, Augusto Vidal Roget y Adolfo Sánchez Vásquez.
250 _a2a. ed.
260 _aMéxico, D. F. :
_beditada por la Academia de Ciencias
_bInstituto de Filosofía,
_c1969.
300 _av. 5 ;
_c21 cm.
534 _aTítulo de la obra en ruso :
_tIstoriia filosofii
700 1 _aDynnik, M. A.
_947846
700 1 _aLaín, José,
_etr.
_947847
700 1 _aVidal Roget, Augusto,
_etr.
_947859
700 1 _aSánchez Vásquez, Adolfo,
_etr.
_947153
710 2 _aAcademia de Ciencias
_947860
049 _aBNGR
999 _c22736
_d22736